LEADER 02950 am 2200649 n 450 001 9910583200103321 005 20220103 010 $a2-271-14238-5 010 $a2-271-08772-4 010 $a2-271-08774-0 024 7 $a10.4000/books.editionscnrs.51887 035 $a(CKB)3710000000878201 035 $a(FrMaCLE)OB-editionscnrs-51887 035 $a(oapen)https://directory.doabooks.org/handle/20.500.12854/91810 035 $a(PPN)267945442 035 $a(EXLCZ)993710000000878201 100 $a20220713j|||||||| ||| 0 101 0 $afre 135 $auu||||||m|||| 181 $ctxt$2rdacontent 182 $cc$2rdamedia 183 $acr$2rdacarrier 200 10$aRonald Dworkin ou la valeur de l?égalité /$fAlain Policar 210 $aParis $cCNRS Éditions$d2022 215 $a1 online resource (224 p.) 225 1 $aCNRS Philosophie 311 $a2-271-08308-7 330 $aOriginale et engagée, l??uvre de Ronald Dworkin (1931-2013) s?impose désormais à l?égal de celles de John Rawls et de Jürgen Habermas. Connu d?abord comme philosophe du droit, avec entre autres Prendre les droits au sérieux (1977), il a développé une philosophie politique propre, notamment dans Justice pour les hérissons (2011). C?est ce parcours de pensée que retrace Alain Policar. Outre sa puissante réflexion sur le droit proposant une alternative au positivisme et au réalisme juridiques, Dworkin opte pour le choix moral de l?égalité et tente de trouver un fondement métaphysique aux valeurs qu?il défend. La volonté de ne pas séparer le droit, la morale et la politique est une de ses positions constantes. Elle lui permet d?apporter des réponses concrètes aux interrogations des démocraties contemporaines (avortement, discrimination positive, justice sociale). La première monographie en langue française consacrée à ce philosophe américain, actif débatteur et interlocuteur des plus grands auteurs contemporains, dont John Rawls et Isaiah Berlin à propos de la compatibilité de la liberté et de l?égalité. 517 $aRONALD DWORKIN OU LA VALEUR DE L'EGALITE 606 $aPhilosophy 606 $aPolitical Science 606 $adémocratie 606 $ajustice sociale 606 $aégalité 606 $aDworkin 606 $adroit 606 $amorale politique 610 $adémocratie 610 $ajustice sociale 610 $aégalité 610 $aDworkin 610 $adroit 610 $amorale politique 615 4$aPhilosophy 615 4$aPolitical Science 615 4$adémocratie 615 4$ajustice sociale 615 4$aégalité 615 4$aDworkin 615 4$adroit 615 4$amorale politique 700 $aPolicar$b Alain$0942843 801 0$bFR-FrMaCLE 906 $aBOOK 912 $a9910583200103321 996 $aRonald Dworkin ou la valeur de l?égalité$93025283 997 $aUNINA LEADER 03186nam 2200601Ia 450 001 9910438127003321 005 20200520144314.0 010 $a1-283-61259-3 010 $a9786613925046 010 $a3-540-88408-4 024 7 $a10.1007/978-3-540-88408-8 035 $a(CKB)2670000000250208 035 $a(EBL)972222 035 $a(OCoLC)808721121 035 $a(SSID)ssj0000736407 035 $a(PQKBManifestationID)11395379 035 $a(PQKBTitleCode)TC0000736407 035 $a(PQKBWorkID)10785854 035 $a(PQKB)10631793 035 $a(DE-He213)978-3-540-88408-8 035 $a(MiAaPQ)EBC972222 035 $a(PPN)168307987 035 $a(EXLCZ)992670000000250208 100 $a20111102h20122013 uy 0 101 0 $aeng 135 $aur|n|---||||| 181 $ctxt 182 $cc 183 $acr 200 00$aAtlas of robotic prostatectomy /$fHubert John, Peter Wiklund, Jorn H. Witt, editors 205 $a1st ed. 2013. 210 $aBerlin ;$aHeidleberg $cSpringer$d2012, c2013 215 $a1 online resource (92 p.) 300 $aDescription based upon print version of record. 311 $a3-540-88407-6 320 $aIncludes bibliographical references and index. 327 $aAnatomy -- Screening and diagnosis -- Anesthesiology -- Instruments -- Port placement -- Retropubic space -- Lymphadenectomy -- Endopelvic fascia -- DVC/Santorini's plexus -- Puboprostatic ligaments -- Bladder neck dissection -- Vas, seminal vesicle -- Retroprostatic dissection -- Prostate columns -- Neurovascular bundle -- Apical dissection -- Bladder neck reconstruction -- Anastomotic techniques -- Additional approaches for functional restoration -- Complications. 330 $aIn many centers of excellence in Urology, robotic prostatectomy has become the first choice for the surgical treatment of localized prostate cancer owing to benefits such as reduced pain and minimization of impotence and incontinence. This atlas, specifically designed for use by surgeons, provides a beautifully illustrated, step-by-step guide to all aspects of the procedure. The various techniques that can be employed to achieve excellent oncological and functional results are carefully depicted in appropriate detail; for example, nerve-sparing techniques, bladder neck reconstruction, and approaches aimed at the early restoration of continence are clearly described. Special situations, such as prior prostate surgery, a large prostate, and salvage prostatectomy, are also fully covered. The information contained in this atlas will be of great value in enabling surgeons to improve their results and to take full advantage of the benefits of robotic prostatectomy compared with open prostatectomy. 606 $aProstatectomy 606 $aSurgical robots 615 0$aProstatectomy. 615 0$aSurgical robots. 676 $a617.463 701 $aJohn$b Hubert$01742424 701 $aWiklund$b Peter$01742425 701 $aWitt$b Jorn H$01756333 801 0$bMiAaPQ 801 1$bMiAaPQ 801 2$bMiAaPQ 906 $aBOOK 912 $a9910438127003321 996 $aAtlas of robotic prostatectomy$94193566 997 $aUNINA